000 00723nam a22002177a 4500
005 20240530110519.0
008 160213s2012 ua g 000 1 ara d
017 _a2012/16404
_bمصر . دار الكتب المصرية
020 _a9789775023285
040 _aEG-CaGPL
082 0 4 _221
_a813.01\
_bإ ن
100 0 _aابراهيم مختار .
245 1 0 _aنساء بلا اقنعة /
_cابراهيم مختار .
250 _aط1.
260 _aالقاهرة :
_bدار الطباعة الحديثة ،
_c2012 .
300 _a118 ص ؛
_c20 سم .
650 0 4 _aالقصص العربية .
650 0 4 _aالقصص القصيرة .
942 _2ddc
_cBK
999 _c61845
_d61845